| 000 | 00366nam a2200145Ia 4500 | ||
|---|---|---|---|
| 008 | 230917s9999||||xx |||||||||||||| ||und|| | ||
| 040 |
_e134813 _aMAIN |
||
| 041 | _aEnglish | ||
| 082 | _a519.2 P657S | ||
| 100 | _aPinsky, Mark A, Ed | ||
| 245 | 0 | _aStochastic analysis and applications | |
| 260 |
_aNew York _bMarcel Dekker _c1984 |
||
| 300 | _a460p p. | ||
| 942 | _cBK | ||
| 999 |
_c71065 _d71065 |
||